<?xml version="1.0" encoding="UTF-8"?>
<record
    xmlns:xsi="http://www.w3.org/2001/XMLSchema-instance"
    xsi:schemaLocation="http://www.loc.gov/MARC21/slim http://www.loc.gov/standards/marcxml/schema/MARC21slim.xsd"
    xmlns="http://www.loc.gov/MARC21/slim">

  <leader>02040nam0a22003371  4500</leader>
  <controlfield tag="001">rc\2706071</controlfield>
  <controlfield tag="005">20250529121031.0</controlfield>
  <datafield tag="035" ind1=" " ind2=" ">
    <subfield code="a">(NLR Aleph) 006834126</subfield>
  </datafield>
  <datafield tag="090" ind1=" " ind2=" ">
    <subfield code="a">6576336</subfield>
    <subfield code="c">6576336</subfield>
  </datafield>
  <datafield tag="100" ind1=" " ind2=" ">
    <subfield code="a">20110915d1934    |||y0rusy50      ca</subfield>
  </datafield>
  <datafield tag="101" ind1="0" ind2=" ">
    <subfield code="a">rus</subfield>
  </datafield>
  <datafield tag="102" ind1=" " ind2=" ">
    <subfield code="a">RU</subfield>
  </datafield>
  <datafield tag="105" ind1=" " ind2=" ">
    <subfield code="a">y   z   |||||</subfield>
  </datafield>
  <datafield tag="200" ind1="1" ind2=" ">
    <subfield code="a">&#x41F;&#x43E;&#x434;&#x44A;&#x435;&#x43C;</subfield>
    <subfield code="e">&#x41B;&#x438;&#x442;.-&#x445;&#x443;&#x434;. &#x441;&#x431;&#x43E;&#x440;&#x43D;&#x438;&#x43A;</subfield>
    <subfield code="f">&#x421;&#x43E;&#x44E;&#x437; &#x441;&#x43E;&#x432;. &#x43F;&#x438;&#x441;&#x430;&#x442;&#x435;&#x43B;&#x435;&#x439; &#x422;&#x430;&#x442;&#x430;&#x440;&#x438;&#x438;</subfield>
  </datafield>
  <datafield tag="210" ind1=" " ind2=" ">
    <subfield code="a">&#x41A;&#x430;&#x437;&#x430;&#x43D;&#x44C;</subfield>
    <subfield code="c">&#x422;&#x430;&#x442;&#x433;&#x43E;&#x441;&#x438;&#x437;&#x434;&#x430;&#x442;. &#x421;&#x435;&#x43A;&#x442;&#x43E;&#x440; &#x445;&#x443;&#x434;. &#x43B;&#x438;&#x442;-&#x440;&#x44B;</subfield>
    <subfield code="d">1934</subfield>
    <subfield code="g">[&#x442;&#x438;&#x43F;.] &#x422;&#x430;&#x442;&#x43F;&#x43E;&#x43B;&#x438;&#x433;&#x440;&#x430;&#x444;</subfield>
  </datafield>
  <datafield tag="215" ind1=" " ind2=" ">
    <subfield code="a">&#x41E;&#x431;&#x43B;., 80 &#x441;.</subfield>
    <subfield code="d">21x15 &#x441;&#x43C;.</subfield>
  </datafield>
  <datafield tag="327" ind1="1" ind2=" ">
    <subfield code="a">&#x421;&#x43E;&#x434;&#x435;&#x440;&#x436;.: &#x41D;. &#x413;&#x443;&#x441;&#x435;&#x432;, &#x412;. &#x41C;&#x430;&#x43B;&#x44B;&#x448;&#x435;&#x432;. &#x41F;&#x435;&#x440;&#x435;&#x43F;&#x440;&#x430;&#x432;&#x430;. &#x41C;&#x438;&#x440;&#x441;&#x430;&#x439; &#x410;&#x43C;&#x438;&#x440;. &#x41A;&#x43E;&#x43C;&#x430;&#x43D;&#x434;&#x438;&#x440;. &#x411;&#x440;&#x443;&#x43D;&#x43E; &#x417;&#x435;&#x440;&#x43D;&#x438;&#x442;. &#x41A;&#x430;&#x437;&#x433;&#x440;&#x44D;&#x441;. &#x41D;&#x443;&#x440; &#x411;&#x430;&#x44F;&#x43D;. &#x41D;&#x435;&#x437;&#x430;&#x431;&#x44B;&#x432;&#x430;&#x435;&#x43C;&#x430;&#x44F; &#x44E;&#x43D;&#x43E;&#x441;&#x442;&#x44C;. &#x410;&#x445;&#x43C;&#x435;&#x434; &#x415;&#x440;&#x438;&#x43A;&#x435;&#x435;&#x432;. &#x41A;&#x438;&#x440;&#x433;&#x438;&#x437;&#x43A;&#x430;. &#x410;&#x43D;&#x430;&#x442;. &#x41C;&#x435;&#x43B;&#x443;&#x437;&#x43D;&#x438;&#x43A;&#x43E;&#x432;. &#x421;&#x442;&#x438;&#x445;&#x438; &#x43E; &#x434;&#x43E;&#x440;&#x43E;&#x433;&#x435;. &#x411;. &#x41A;&#x430;&#x43C;&#x441;&#x43A;&#x438;&#x439;. &#x42D;&#x43B;&#x435;&#x43A;&#x442;&#x440;&#x43E;&#x441;&#x432;&#x430;&#x440;&#x43A;&#x430; &#x43F;&#x43E;&#x431;&#x435;&#x434;&#x438;&#x43B;&#x430;. &#x41C;. &#x41F;&#x43E;&#x434;&#x44A;&#x44F;&#x447;&#x435;&#x432;. &#x412;&#x43B;&#x430;&#x434;&#x438;&#x43C;&#x438;&#x440; &#x41C;&#x430;&#x44F;&#x43A;&#x43E;&#x432;&#x441;&#x43A;&#x438;&#x439;</subfield>
  </datafield>
  <datafield tag="464" ind1=" " ind2="0">
    <subfield code="1">2000#$a&#x421;&#x442;&#x438;&#x445;&#x438; &#x43E; &#x434;&#x43E;&#x440;&#x43E;&#x433;&#x435;$f&#x410;&#x43D;&#x430;&#x442;. &#x41C;&#x435;&#x43B;&#x443;&#x437;&#x43D;&#x438;&#x43A;&#x43E;&#x432;</subfield>
    <subfield code="t">&#x421;&#x442;&#x438;&#x445;&#x438; &#x43E; &#x434;&#x43E;&#x440;&#x43E;&#x433;&#x435;</subfield>
  </datafield>
  <datafield tag="464" ind1=" " ind2="0">
    <subfield code="1">2000#$a&#x41A;&#x438;&#x440;&#x433;&#x438;&#x437;&#x43A;&#x430;$f&#x410;&#x445;&#x43C;&#x435;&#x434; &#x415;&#x440;&#x438;&#x43A;&#x435;&#x435;&#x432;</subfield>
    <subfield code="t">&#x41A;&#x438;&#x440;&#x433;&#x438;&#x437;&#x43A;&#x430;</subfield>
  </datafield>
  <datafield tag="464" ind1=" " ind2="0">
    <subfield code="1">2000#$a&#x412;&#x43B;&#x430;&#x434;&#x438;&#x43C;&#x438;&#x440; &#x41C;&#x430;&#x44F;&#x43A;&#x43E;&#x432;&#x441;&#x43A;&#x438;&#x439;$f&#x41C;. &#x41F;&#x43E;&#x434;&#x44A;&#x44F;&#x447;&#x435;&#x432;</subfield>
    <subfield code="t">&#x412;&#x43B;&#x430;&#x434;&#x438;&#x43C;&#x438;&#x440; &#x41C;&#x430;&#x44F;&#x43A;&#x43E;&#x432;&#x441;&#x43A;&#x438;&#x439;</subfield>
  </datafield>
  <datafield tag="464" ind1=" " ind2="0">
    <subfield code="1">2000#$a&#x42D;&#x43B;&#x435;&#x43A;&#x442;&#x440;&#x43E;&#x441;&#x432;&#x430;&#x440;&#x43A;&#x430; &#x43F;&#x43E;&#x431;&#x435;&#x434;&#x438;&#x43B;&#x430;$f&#x411;. &#x41A;&#x430;&#x43C;&#x441;&#x43A;&#x438;&#x439;</subfield>
    <subfield code="t">&#x42D;&#x43B;&#x435;&#x43A;&#x442;&#x440;&#x43E;&#x441;&#x432;&#x430;&#x440;&#x43A;&#x430; &#x43F;&#x43E;&#x431;&#x435;&#x434;&#x438;&#x43B;&#x430;</subfield>
  </datafield>
  <datafield tag="464" ind1=" " ind2="0">
    <subfield code="1">2000#$a&#x41D;&#x435;&#x437;&#x430;&#x431;&#x44B;&#x432;&#x430;&#x435;&#x43C;&#x430;&#x44F; &#x44E;&#x43D;&#x43E;&#x441;&#x442;&#x44C;$f&#x41D;&#x443;&#x440; &#x411;&#x430;&#x44F;&#x43D;</subfield>
    <subfield code="t">&#x41D;&#x435;&#x437;&#x430;&#x431;&#x44B;&#x432;&#x430;&#x435;&#x43C;&#x430;&#x44F; &#x44E;&#x43D;&#x43E;&#x441;&#x442;&#x44C;</subfield>
  </datafield>
  <datafield tag="464" ind1=" " ind2="0">
    <subfield code="1">2000#$a&#x41F;&#x435;&#x440;&#x435;&#x43F;&#x440;&#x430;&#x432;&#x430;$f&#x41D;. &#x413;&#x443;&#x441;&#x435;&#x432;$g&#x412;. &#x41C;&#x430;&#x43B;&#x44B;&#x448;&#x435;&#x432;</subfield>
    <subfield code="t">&#x41F;&#x435;&#x440;&#x435;&#x43F;&#x440;&#x430;&#x432;&#x430;</subfield>
  </datafield>
  <datafield tag="464" ind1=" " ind2="0">
    <subfield code="1">2000#$a&#x41A;&#x43E;&#x43C;&#x430;&#x43D;&#x434;&#x438;&#x440;$f&#x41C;&#x438;&#x440;&#x441;&#x430;&#x439; &#x410;&#x43C;&#x438;&#x440;</subfield>
    <subfield code="t">&#x41A;&#x43E;&#x43C;&#x430;&#x43D;&#x434;&#x438;&#x440;</subfield>
  </datafield>
  <datafield tag="464" ind1=" " ind2="0">
    <subfield code="1">2000#$a&#x41A;&#x430;&#x437;&#x433;&#x440;&#x44D;&#x441;$f&#x411;&#x440;&#x443;&#x43D;&#x43E; &#x417;&#x435;&#x440;&#x43D;&#x438;&#x442;</subfield>
    <subfield code="t">&#x41A;&#x430;&#x437;&#x433;&#x440;&#x44D;&#x441;</subfield>
  </datafield>
  <datafield tag="712" ind1="0" ind2="2">
    <subfield code="a">&#x421;&#x43E;&#x44E;&#x437; &#x441;&#x43E;&#x432;. &#x43F;&#x438;&#x441;&#x430;&#x442;&#x435;&#x43B;&#x435;&#x439; &#x422;&#x430;&#x442;&#x430;&#x440;&#x438;&#x438;</subfield>
  </datafield>
  <datafield tag="801" ind1=" " ind2="0">
    <subfield code="a">RU</subfield>
    <subfield code="b">NLR</subfield>
    <subfield code="g">psbo</subfield>
  </datafield>
  <datafield tag="801" ind1=" " ind2="1">
    <subfield code="a">RU</subfield>
    <subfield code="b">ELAR</subfield>
    <subfield code="2">rusmarc</subfield>
  </datafield>
  <datafield tag="852" ind1=" " ind2=" ">
    <subfield code="a">NLR</subfield>
    <subfield code="j">34-10/620</subfield>
  </datafield>
  <datafield tag="942" ind1=" " ind2=" ">
    <subfield code="c">BOOK</subfield>
  </datafield>
  <datafield tag="980" ind1=" " ind2=" ">
    <subfield code="a">NB</subfield>
  </datafield>
  <datafield tag="995" ind1=" " ind2=" ">
    <subfield code="5">2013-10-26</subfield>
    <subfield code="b">NLR02</subfield>
    <subfield code="c">NLR02</subfield>
    <subfield code="e">RFS</subfield>
    <subfield code="f">6834126-10</subfield>
    <subfield code="k">34-10/620</subfield>
    <subfield code="o">0</subfield>
    <subfield code="r">BOOK</subfield>
    <subfield code="s">3410620_</subfield>
  </datafield>
</record>
